[Event "COL-ch Rapid (Women)"]
[Site "Villavicencio"]
[Date "2021.11.13"]
[Round "1"]
[White "Hernandez Fonseca, Maria Paula"]
[Black "Penagos, Laura Valentina"]
[Result "1-0"]
[WhiteElo "1976"]
[BlackElo "1540"]
[PlyCount "51"]
[EventDate "2021.11.13"]
[EventType "swiss (rapid)"]
[EventRounds "9"]
[EventCountry "COL"]
[SourceTitle "CBM 205 Extra"]
[Source "ChessBase"]
[SourceDate "2022.01.31"]
[SourceVersion "1"]
[SourceVersionDate "2022.01.31"]
[SourceQuality "1"]

1. e4 c5 2. Nf3 Nc6 3. d4 cxd4 4. Nxd4 g6 5. Be3 Nf6 6. Nc3 Bg7 7. Bc4 0-0 8. Bb3 d5 9. exd5 Na5 10. Nde2 Nxb3 11. axb3 b6 12. Qd2 Bb7 13. 0-0-0 Rc8 14. f3 Qd7 15. h4 Rfd8 16. h5 Nxh5 17. Bh6 Bxc3 18. Nxc3 Nf6 19. Qd4 Bxd5 20. Qh4 Qf5 21. Bg5 Bc6 22. Rxd8+ Rxd8 23. Bxf6 Qxf6 24. Qxh7+ Kf8 25. Qh8+ Qxh8 26. Rxh8+ 1-0

[Event "COL-ch sf (Women)"]
[Site "Santa Rosa"]
[Date "2021.08.15"]
[Round "7"]
[White "Ruiz Jaraba, Valentina Sofia"]
[Black "Penagos, Laura Valentina"]
[Result "1-0"]
[WhiteElo "1711"]
[BlackElo "1600"]
[PlyCount "177"]
[EventDate "2021.08.12"]
[EventType "swiss"]
[EventRounds "9"]
[EventCountry "COL"]
[SourceTitle "CBM 204 Extra"]
[Source "ChessBase"]
[SourceDate "2021.11.30"]
[SourceVersion "1"]
[SourceVersionDate "2021.11.30"]
[SourceQuality "1"]

1. e4 c5 2. Nf3 Nc6 3. Nc3 d6 4. d4 cxd4 5. Nxd4 Nf6 6. Be2 g6 7. Nb3 Bg7 8. 0-0 0-0 9. Bg5 Be6 10. Kh1 a5 11. a4 Bxb3 12. cxb3 Rc8 13. f4 Qb6 14. Bxf6 Bxf6 15. Nd5 Qd4 16. Qxd4 Bxd4 17. Bb5 Rfe8 18. Nc3 Red8 19. Rad1 Bg7 20. Nd5 Kf8 21. Nb6 Rc7 22. Rd2 Nd4 23. Bc4 e6 24. f5 gxf5 25. exf5 Nxf5 26. Bd3 Nd4 27. Bxh7 Nxb3 28. Rd3 Nc5 29. Rdf3 Bxb2 30. Bg6 f5 31. g4 Ne4 32. Rf4 Rc1 33. gxf5 Rxf1+ 34. Rxf1 exf5 35. Kg2 Ke7 36. Nd5+ Ke6 37. Rxf5 Rg8 38. Nf4+ Kd7 39. Kf3 Nd2+ 40. Ke2 Be5 41. Bf7 Rg4 42. Be6+ Ke7 43. Rf7+ Ke8 44. Nd5 Rg2+ 45. Kd3 Rxh2 46. Rxb7 Kf8 47. Rf7+ Ke8 48. Ra7 Kf8 49. Rxa5 Nb3 50. Ra8+ Kg7 51. Kc4 Nc5 52. Bf5 Rh5 53. Ra7+ Kh6 54. Ne3 Rh4+ 55. Bg4 Bf4 56. Nf5+ Kg5 57. Nxh4 Kxh4 58. Bf3 Kg5 59. a5 Be5 60. Bd5 Kf6 61. Rf7+ Kg6 62. Rf1 Na6 63. Bb7 Nc5 64. a6 Nxa6 65. Bxa6 Kg5 66. Kd5 Kg4 67. Ke4 Kg5 68. Bc8 Kg6 69. Be6 Kg7 70. Kf5 Kf8 71. Rb1 Ke7 72. Rb7+ Kd8 73. Bd5 Ke8 74. Rf7 Bh2 75. Ke6 Be5 76. Re7+ Kf8 77. Kd7 Bh8 78. Rf7+ Kg8 79. Kxd6 Bg7 80. Rf1+ Kh7 81. Ke7 Be5 82. Rg1 Bd4 83. Be4+ Kh6 84. Rg6+ Kh5 85. Ke6 Bc3 86. Kf5 Bd2 87. Rg2 Be1 88. Rh2+ Bh4 89. Rh1 1-0